Statystyki dla Quiz o Iranie

Kliknij tutaj aby rozwiązać quiz!

Ogólne statystyki

  • Ten quiz został rozwiązany 1 556 razy
  • Średni wynik to 8 z 19

Statystyki odpowiedzi

WskazówkaOdpowiedź% Poprawnych
StolicaTeheran
95%
"Morze", z którym graniczy Iran na północyMorze Kaspijskie
82%
Język urzędowyPerski
82%
Najważniejszy eksportowany surowiecRopa naftowa
80%
Państwo, z którym Iran walczył przez 8
lat, od 1980 do 1988 roku
Irak
72%
Większość Iranu leży w tym regionie{Wyżyna} Irańska
59%
Oficjalny nurt islamuSzyizm
54%
Tytuł, jaki nosił irański władca,
który został obalony w 1979 r.
Szach
42%
Królowie starożytnej Persji, nazwani WielkimiDariusz
38%
Iran jest jedynym krajem nie leżącym w
Afryce, gdzie na wolności żyją te koty
Gepardy
38%
Królowie starożytnej Persji, nazwani WielkimiKserkses
27%
Religijny tytuł przyznany powyższemu władcyAjatollah
26%
Przywódca rewolucji w 1979 r.Ruhollah Chomejni
25%
Jednostka monetarna IranuRial
24%
Prorok, znany również jako ZoroasterZaratusztra
21%
Królowie starożytnej Persji, nazwani WielkimiCyrus
20%
Cieśnina pomiędzy Zatoką Perską
i Zatoką Omańską
Ormuz
20%
Jak nazwał on Stany ZjednoczoneWielkim {Szatanem}
20%
Pasmo górskie, zaczynające się na ZZagros
16%

Rozkład punktacji

Percentyl według liczby udzielonych odpowiedzi

Procent ludzi z każdym wynikiem

Twoja historia wyników

Nie rozwiązałeś tego quizu